Introducción a los mercados de futuros y opciones
Uloženo v:
| Hlavní autor: | |
|---|---|
| Médium: | Kniha |
| Jazyk: | španělština |
| Vydáno: |
Madrid
Prentice Hall
1996
|
| Témata: | |
| Tagy: |
Přidat tag
Žádné tagy, Buďte první, kdo vytvoří štítek k tomuto záznamu!
|
MARC
| LEADER | 00000nam a2200000 a 4500 | ||
|---|---|---|---|
| 001 | UCQ5821 | ||
| 003 | CL-VaPUC | ||
| 008 | 981002e19960000SP |||||||||||||||||spa|d | ||
| 082 | 0 | 4 | |a 332.632 |b HUL |2 21 |
| 100 | |a Hull, John C |e author |9 582887 | ||
| 245 | 1 | 0 | |a Introducción a los mercados de futuros y opciones |
| 300 | |a 484 p | ||
| 942 | |c BK | ||
| 945 | |d 19981002 00:00:00 |a mvenant | ||
| 260 | |a Madrid |b Prentice Hall |c 1996 | ||
| 650 | 0 | |a Contratos |9 255153 | |
| 650 | 0 | |a Mercado de futuros |9 410318 | |
| 650 | 0 | |a Instrumentos financieros |9 410319 | |
| 650 | 7 | |a SISTEMAS MONETARIOS |2 CL-VaPUC |9 342366 | |
| 650 | 0 | |a Inversiones |9 261520 | |
| 583 | |a last modification |c 19981002 00:00:00 |k Rodrigo Vera | ||
| 999 | |c 275953 |d 275951 | ||
| 952 | |0 0 |1 0 |4 0 |6 332_632000000000000_HUL_1996 |7 0 |8 A |9 312938 |a BIBGIM |b BIBGIM |d 2019-11-20 |i 3639835 |o 332.632 HUL 1996 |p 3639835 |r 2025-01-15 |w 2019-11-20 |y BK |k GIM | ||
| 952 | |0 0 |1 0 |4 0 |6 332_632000000000000_HUL_1996 |7 0 |8 A |9 312939 |a BIBGIM |b BIBGIM |d 2019-11-20 |i 3639843 |o 332.632 HUL 1996 |p 3639843 |r 2025-01-15 |w 2019-11-20 |y BK |k GIM | ||
| 952 | |0 0 |1 0 |4 0 |6 332_632000000000000_HUL_1996 |7 0 |8 A |9 312940 |a BIBENE |b BIBENE |d 2019-11-20 |i 3652904 |o 332.632 HUL 1996 |p 3652904 |r 2025-01-15 |w 2019-11-20 |y BK |k ICO | ||
| 952 | |0 0 |1 0 |4 0 |6 332_632000000000000_HUL_1996 |7 0 |8 A |9 312941 |a BIBENE |b BIBENE |d 2019-11-20 |i 3652912 |o 332.632 HUL 1996 |p 3652912 |r 2025-01-15 |w 2019-11-20 |y BK |k ICO | ||
| 952 | |0 0 |1 0 |4 0 |6 332_632000000000000_HUL_1996 |7 0 |8 A |9 312942 |a BIBENE |b BIBENE |d 2019-11-20 |i 3652920 |o 332.632 HUL 1996 |p 3652920 |r 2025-01-15 |w 2019-11-20 |y BK |k ICO | ||
| 952 | |0 0 |1 0 |4 0 |6 332_632000000000000_HUL_1996 |7 0 |8 A |9 312943 |a BIBENE |b BIBENE |d 2019-11-20 |i 3652939 |o 332.632 HUL 1996 |p 3652939 |r 2025-01-15 |w 2019-11-20 |y BK |k ICO | ||
| 952 | |0 0 |1 0 |4 0 |6 332_632000000000000_HUL_1996 |7 0 |8 A |9 312944 |a BIBENE |b BIBENE |d 2019-11-20 |i 375040K |o 332.632 HUL 1996 |p 375040K |r 2025-01-15 |w 2019-11-20 |y BK |k ICO | ||
| 952 | |0 0 |1 0 |4 0 |6 332_632000000000000_HUL_1996 |7 0 |8 A |9 312945 |a BIBENE |b BIBENE |d 2019-11-20 |i 3751376 |o 332.632 HUL 1996 |p 3751376 |r 2025-01-15 |w 2019-11-20 |y BK |k ICO | ||
| 952 | |0 0 |1 0 |4 0 |6 332_632000000000000_HUL_1996 |7 0 |8 A |9 312946 |a BIBENE |b BIBENE |d 2019-11-20 |i 3751384 |o 332.632 HUL 1996 |p 3751384 |r 2025-01-15 |w 2019-11-20 |y BK |k ICO | ||
| 952 | |0 0 |1 0 |4 0 |6 332_632000000000000_HUL_1996 |7 0 |8 A |9 312947 |a BIBENE |b BIBENE |d 2019-11-20 |i 3751392 |o 332.632 HUL 1996 |p 3751392 |r 2025-01-15 |w 2019-11-20 |y BK |k ICO | ||
| 952 | |0 0 |1 0 |4 0 |6 332_632000000000000_HUL_1996 |7 0 |8 A |9 312948 |a BIBENE |b BIBENE |d 2019-11-20 |i 3670988 |o 332.632 HUL 1996 |p 3670988 |r 2025-01-15 |w 2019-11-20 |y BK |k ICO | ||